Регионална библиотека "Любен Каравелов" - Русе

Нормален изглед MARC изглед
  • Международна научна конференция Дарителство и предприемачество на Балканите през XIX в. по примера на братята Евлоги и Христо Георгиеви (София ; 2019)

Вход 03. Временен Колективен Автор

Брой записи, използвани в: 0

001 - Контролен номер на записа

  • Контролно поле: 442165

003 - Код на организацията, даваща контролен номер

  • Контролно поле: BLK

005 - Дата и час на последна промяна на записа

  • Контролно поле: 20210225092818.0

008 - Данни с фиксирана дължина – обща информация

  • Данни с фиксирана дължина : 210225|| aca||aabn | a|a d

111 ## - Наименования на временни колективи – обща информация

  • Название на временен колектив или юридическо име като основно описание: Международна научна конференция Дарителство и предприемачество на Балканите през XIX в. по примера на братята Евлоги и Христо Георгиеви (София ; 2019)

942 ## - Системна служебна употреба

  • Koha auth type: MEETI_NAME
Vip Innovations Ltd, Rousse, Bulgaria 2025